Operaciones unitarias en ingeniería química
Zapisane w:
| Główni autorzy: | , , |
|---|---|
| Format: | Książka |
| Język: | hiszpański |
| Wydane: |
Ciudad de México, México
McGraw-Hill
2007
|
| Wydanie: | Séptima edición |
| Seria: | Ingeniería Química
|
| Hasła przedmiotowe: | |
| Dostęp online: | Disponible Online |
| Etykiety: |
Dodaj etykietę
Nie ma etykietki, Dołącz pierwszą etykiete!
|
MARC
| LEADER | 00000cam a2200000 a 4500 | ||
|---|---|---|---|
| 001 | UCF1423 | ||
| 003 | CL-VaPUC | ||
| 005 | 20211104142833.0 | ||
| 008 | 120706e20070000MX |||||||||||||||||spa|d | ||
| 999 | |c 348218 |d 348216 | ||
| 020 | |a 9789701061749 | ||
| 040 | |c Pontificia Universidad Católica de Valparaíso | ||
| 082 | 0 | 4 | |a 660.284 MCC 2007 |2 21 |
| 100 | |a McCabe, Warren Lee |e autor |9 481851 | ||
| 245 | 1 | 0 | |a Operaciones unitarias en ingeniería química |
| 250 | |a Séptima edición | ||
| 260 | |a Ciudad de México, México |b McGraw-Hill |c 2007 | ||
| 300 | |a 1189 páginas | ||
| 440 | |a Ingeniería Química |9 860788 | ||
| 583 | |a last modification |c 20120822 11:13:16 |k Rodrigo Vera | ||
| 650 | 0 | |a Ingeniería Química |2 CL-VaPUC |9 8 | |
| 650 | 0 | |a Procesos químicos |9 259436 | |
| 650 | 0 | |a Reacciones químicas |9 259438 | |
| 650 | 0 | |a Termodinámica |9 259320 | |
| 700 | 0 | |a Smith, Julian C |e author |9 562972 | |
| 700 | 0 | |a Harriot, Peter |e author |9 562973 | |
| 856 | |u http://bibliografiadigital.pucv.cl.pucv.idm.oclc.org/index.php/bibliotecapucv/catalog/book/365 |y Disponible Online | ||
| 942 | |c BK |2 ddc | ||
| 945 | |d 20120706 00:00:00 |a cmena | ||
| 952 | |0 0 |1 0 |4 0 |6 660_284000000000000_MCC_2007 |7 0 |8 A |9 450162 |a BIBING |b BIBING |d 2019-11-22 |i 4880641 |l 2 |m 2 |o 660.284 MCC 2007 |p 4880641 |r 2025-01-20 |s 2023-11-15 |w 2019-11-22 |y BK |k EIQ | ||
| 952 | |0 0 |1 0 |4 0 |6 660_284000000000000_MCC_2007 |7 0 |8 A |9 450163 |a BIBING |b BIBING |d 2019-11-22 |i 488065K |l 15 |m 2 |o 660.284 MCC 2007 |p 488065K |r 2025-01-20 |s 2024-12-05 |w 2019-11-22 |y BK |k EIQ | ||
| 952 | |0 0 |1 0 |4 0 |6 660_284000000000000_MCC_2007 |7 0 |8 A |9 450164 |a BIBING |b BIBING |d 2019-11-22 |i 4880668 |o 660.284 MCC 2007 |p 4880668 |r 2025-01-20 |w 2019-11-22 |y BK |k EIQ | ||
| 952 | |0 0 |1 0 |4 0 |6 660_284000000000000_MCC_2007 |7 0 |8 A |9 450165 |a BIBING |b BIBING |d 2019-11-22 |i 4880676 |l 2 |o 660.284 MCC 2007 |p 4880676 |r 2025-01-20 |s 2024-11-05 |w 2019-11-22 |y BK |k EIQ | ||
| 952 | |0 0 |1 0 |4 0 |6 660_284000000000000_MCC_2007 |7 0 |8 A |9 450166 |a BIBING |b BIBING |d 2019-11-22 |i 4896467 |l 10 |m 1 |o 660.284 MCC 2007 |p 4896467 |r 2025-01-20 |s 2024-12-06 |w 2019-11-22 |y BK |k EIQ | ||